000 00404cam a22001217a 4500
008 180718b1986 xxu||||| |||| 00| 0 eng d
082 _aO9103x54
100 _aIndia. Ministry of Environment and Forests. Department of Environment, Forests and Wildlife
245 _aThe environment (protection) act, 1986
260 _aNew Delhi
_bThe author
_c1986
300 _a16p.
650 _aEnvironmental law - India
999 _c487389
_d487389